Campeões do Campeonato Brasileiro de Futebol Série A - Statistics

Estatísticas Gerais
  • Esse quiz foi jogado 242 vezes
  • A pontuação média é 64 de 66
Estatísticas das Respostas
Tipo Ano Campeão % Correto
Taça Brasil de Futebol 1960 Palmeiras
100%
Taça Brasil de Futebol 1967 Palmeiras
100%
Torneio Roberto Gomes Pedrosa 1967 Palmeiras
100%
Torneio Roberto Gomes Pedrosa 1969 Palmeiras
100%
Campeonato Nacional de Clubes 1972 Palmeiras
100%
Campeonato Nacional de Clubes 1973 Palmeiras
100%
Campeonato Brasileiro Série A 1993 Palmeiras
100%
Campeonato Brasileiro Série A 1994 Palmeiras
100%
Campeonato Brasileiro Série A 2016 Palmeiras
100%
Campeonato Brasileiro Série A 2018 Palmeiras
100%
Campeonato Brasileiro Série A 2022 Palmeiras
100%
Campeonato Brasileiro Série A 1990 Corinthians
99%
Campeonato Brasileiro Série A 1998 Corinthians
99%
Campeonato Brasileiro Série A 1999 Corinthians
99%
Campeonato Brasileiro Série A 2005 Corinthians
99%
Campeonato Brasileiro Série A 2011 Corinthians
99%
Campeonato Brasileiro Série A 2015 Corinthians
99%
Campeonato Brasileiro Série A 2017 Corinthians
99%
Taça de Ouro 1980 Flamengo
99%
Taça de Ouro 1982 Flamengo
99%
Taça de Ouro 1983 Flamengo
99%
Campeonato Brasileiro Série A 1992 Flamengo
99%
Campeonato Brasileiro Série A 2009 Flamengo
99%
Campeonato Brasileiro Série A 2019 Flamengo
99%
Campeonato Brasileiro Série A 2020 Flamengo
99%
Taça Brasil de Futebol 1961 Santos
99%
Taça Brasil de Futebol 1962 Santos
99%
Taça Brasil de Futebol 1963 Santos
99%
Taça Brasil de Futebol 1964 Santos
99%
Taça Brasil de Futebol 1965 Santos
99%
Torneio Roberto Gomes Pedrosa 1968 Santos
99%
Campeonato Brasileiro Série A 2002 Santos
99%
Campeonato Brasileiro Série A 2004 Santos
99%
Copa Brasil 1977 São Paulo
99%
Copa Brasil 1986 São Paulo
99%
Campeonato Brasileiro Série A 1991 São Paulo
99%
Campeonato Brasileiro Série A 2006 São Paulo
99%
Campeonato Brasileiro Série A 2007 São Paulo
99%
Campeonato Brasileiro Série A 2008 São Paulo
99%
Campeonato Nacional de Clubes 1974 Vasco da Gama
99%
Campeonato Brasileiro Série A 1989 Vasco da Gama
99%
Campeonato Brasileiro Série A 1997 Vasco da Gama
99%
Copa João Havelange 2000 Vasco da Gama
99%
Torneio Roberto Gomes Pedrosa 1970 Fluminense
98%
Copa Brasil 1984 Fluminense
98%
Campeonato Brasileiro Série A 2010 Fluminense
98%
Campeonato Brasileiro Série A 2012 Fluminense
98%
Taça Brasil de Futebol 1968 Botafogo
97%
Campeonato Brasileiro Série A 1995 Botafogo
97%
Taça de Ouro 1981 Grêmio
97%
Campeonato Brasileiro Série A 1996 Grêmio
97%
Copa Brasil 1975 Internacional
96%
Copa Brasil 1976 Internacional
96%
Copa Brasil 1979 Internacional
96%
Taça Brasil de Futebol 1966 Cruzeiro
95%
Campeonato Brasileiro Série A 2003 Cruzeiro
95%
Campeonato Brasileiro Série A 2013 Cruzeiro
95%
Campeonato Brasileiro Série A 2014 Cruzeiro
95%
Taça Brasil de Futebol 1959 Bahia
90%
Copa Brasil 1988 Bahia
90%
Copa Brasil 1987 Sport
88%
Campeonato Brasileiro Série A 2001 Athletico-PR
84%
Taça de Ouro 1985 Coritiba
83%
Campeonato Nacional de Clubes 1971 Atlético-MG
78%
Campeonato Brasileiro Série A 2021 Atlético-MG
78%
Copa Brasil 1978 Guarani
78%
Nenhum quiz correspondente encontrado
Distribuição das Pontuações
Porcentagem de Pessoas com Cada Pontuação
Percentil de Números Respondidos
Sua Pontuação Histórica
Você não jogou esse quiz